000 01111naa a22003017a 4500
001 BR9402085
003 BR-BrBNA
005 20250721155442.0
007 ta
008 250630b bl.|||m| |||| 00| 0 por d
040 _aBR-BrBNA
_bpor
_cBiblioteca Nacional de Agricultura
041 _a(Pt)
072 _aK10
_b3575
090 _aK10 BR9402085
100 1 _aTallo, R.M.
100 1 _aLeao, N.V.M.
100 1 _aViegas, R.M.F.
111 1 _a1. Simposio do Tropico Umido
_cBelem, PA (Brazil)
_d12-17 Nov 1984
245 1 _aSecagem de sementes de freijo-cinza (Cordia goeldiana Huber)
500 _a1. Simposio do Tropico Umido. Anais. Vol. 2 Belem, PA (Brasil): 1986. p. 359-365 [Summaries (En, Pt); 5 tables; 15 ref.] (BR9402085-AMS)
773 0 _t1. Simposio do Tropico Umido. Anais. Vol. 2
_wK10 BR9402085
_gBelem, PA (Brasil), 1986. p. 359-365
650 _aFreijo-Cinza
650 _aSemente
650 _aSecagem
490 _aDocumentos - Centro de Pesquisa Agropecuaria do Tropico Umido (Brazil)
_vno. 36
_xISSN 0101-2835
942 _cAMS
_2AGRIS
909 _a202506
_bLúcia
_c55
_dLúcia Elande
999 _c336570
_d336570